00752nam a22001817a 4500003000400000005001700004008004100021040001400062100003000076245015200106260000900258300002800267500010800295504003300403942001600436999001500452952010300467OSt20171010095509.0120813t xxu||||| |||| 00| 0 eng d aMMSUcULS aBaytec, Marino S. 912027 aTransformational leadership behavior, managerial communication competence and performance of public schools district supervisorscMarino S. Baytec  c1999 axx, 154 leaves c28 cm. aThesis (Ed.D. - Educational Management) -- Mariano Marcos State University-Graduate School, Laoag City  aBibliography: leaves 130-134 2ddccTHEDIS c9706d9706 00102lcc4070aREFbREFd2012-08-13l0p144-Grr2017-10-10w2017-10-10yTHEDISzLibrary Use only